| 000 | 00892nam a22002537a 4500 | ||
|---|---|---|---|
| 003 | LK-CoMWRAF | ||
| 005 | 20231218123619.0 | ||
| 008 | 231218b1997 |||||||| |||| 00| 0 eng d | ||
| 020 | _a 0821339303 | ||
| 040 |
_aLK-CoMWRAF _dLK-CoMWRAF _eLK-CoMWRAF |
||
| 041 | _aeng | ||
| 082 |
_a379.12 _bPAT |
||
| 100 | _aPatrinos, Harry Anthony | ||
| 245 |
_a Decentralization of education : _bdemand-side financing |
||
| 260 |
_aWashington, D.C.: _bWorld Bank, _c1997 |
||
| 300 |
_avii, 50 p. : ill. _bBibliography included |
||
| 490 | _aDirections in development | ||
| 650 | _aEducation- Developing countries- Finance | ||
| 650 | _aFederal aid to education- Developing countries | ||
| 650 | _aEducational vouchers- Developing countries | ||
| 700 | _aAriasingam, David Lakshmanan | ||
| 856 | _uhttps://documents1.worldbank.org/curated/en/351351468338995472/pdf/multi-page.pdf | ||
| 942 | _cBK | ||
| 999 |
_c4521 _d4521 |
||